[Event "Tingo Maria op 4th"]
[Site "Tingo Maria"]
[Date "2012.09.08"]
[Round "6"]
[White "Camarena Meza, Jackeline Edy"]
[Black "Callocondo Morveli, Euler"]
[Result "0-1"]
[WhiteElo "1686"]
[BlackElo "1700"]
[PlyCount "88"]
[EventDate "2012.09.06"]
[EventType "swiss"]
[EventRounds "9"]
[EventCountry "PER"]
[SourceTitle "CBM 150 Extra"]
[Source "ChessBase"]
[SourceDate "2012.10.19"]
[SourceVersion "1"]
[SourceVersionDate "2012.10.19"]
[SourceQuality "1"]

1. d4 g6 2. e4 Nf6 3. e5 Nd5 4. Nf3 e6 5. c4 Nb6 6. c5 Nd5 7. Bd2 Nc6 8. Bc4 Nce7 9. Bg5 c6 10. Bxd5 cxd5 11. Nc3 Qa5 12. Bxe7 Bxe7 13. 0-0 b6 14. Qa4 Qxa4 15. Nxa4 bxc5 16. Nxc5 f6 17. Rfd1 fxe5 18. Nxe5 d6 19. Nc6 dxc5 20. Nxe7 Kxe7 21. dxc5 Bb7 22. Rac1 Rac8 23. b4 a6 24. a4 Bc6 25. Ra1 Rb8 26. Rdb1 d4 27. Ra3 e5 28. f3 g5 29. h3 h6 30. Kf2 Ke6 31. g3 Rhf8 32. Ke2 Rb7 33. g4 Rfb8 34. b5 axb5 35. axb5 Rxb5 36. Ra6 Kd5 37. Rd1 Rxc5 38. Ra2 Rb3 39. Kf2 Ke6 40. Ra6 Rxf3+ 41. Kg2 Ra3+ 42. Kh2 Rc2+ 43. Kg1 Rxa6 44. Kf1 Ra3 0-1

[Event "Tingo Maria UNAS Semana Santa op"]
[Site "Tingo Maria"]
[Date "2012.04.08"]
[Round "9"]
[White "Huaranca Espinoza, Franchezka Paulita"]
[Black "Callocondo Morveli, Euler"]
[Result "0-1"]
[WhiteElo "1646"]
[BlackElo "1700"]
[PlyCount "46"]
[EventDate "2012.04.05"]
[EventType "swiss"]
[EventRounds "9"]
[EventCountry "PER"]
[SourceTitle "EXT 2014"]
[Source "ChessBase"]
[SourceDate "2013.11.20"]
[SourceVersion "1"]
[SourceVersionDate "2013.11.20"]
[SourceQuality "1"]

1. e4 e6 2. d4 Nf6 3. Nc3 Bb4 4. Bd2 Nc6 5. Nf3 Bxc3 6. Bxc3 Nxe4 7. Bd2 Qf6 8. Be3 0-0 9. Bd3 d5 10. 0-0 e5 11. c3 exd4 12. Nxd4 Nxd4 13. Bxd4 Qg5 14. Bxe4 dxe4 15. Re1 Bh3 16. g3 f5 17. f4 Qh6 18. Qb3+ Kh8 19. Qxb7 Rfb8 20. Qxc7 Bg4 21. Bxa7 Rxb2 22. Rab1 Qxh2+ 23. Kf1 Qg2# 0-1